Sin miedo a los medios (Record no. 16135)

MARC details
000 -LEADER
campo de control de longitud fija 01069nmc a2200373 a 4500
003 - IDENTIFICADOR DE NÚMERO DE CONTROL
campo de control AR-BaBNM
005 - FECHA Y HORA DE LA ÚLTIMA TRANSACCIÓN
campo de control 20251128210613.0
008 - DATOS DE LONGITUD FIJA--INFORMACIÓN GENERAL
campo de control de longitud fija 250020s1999 ||||||||||||||000 | spa||
020 ## - NÚMERO INTERNACIONAL ESTÁNDAR DEL LIBRO
Número Internacional Estándar del Libro 950-892-061-0
040 ## - FUENTE DE CATALOGACIÓN
Centro/agencia transcriptor AR-BaBNM
245 10 - MENCIÓN DEL TÍTULO
Título Sin miedo a los medios
260 ## - PUBLICACIÓN, DISTRIBUCIÓN, ETC.
Lugar de publicación, distribución, etc. Buenos Aires
Nombre del editor, distribuidor, etc. Lugar Editorial
Fecha de publicación, distribución, etc. 1999
300 0# - DESCRIPCIÓN FÍSICA
Extensión 124 p.
Otros detalles físicos gráfs., tablas, il.
490 #0 - MENCIÓN DE SERIE
Mención de serie Reflexiones y propuestas
500 0# - NOTA GENERAL
Nota general Contiene referencias bibliográficas p. 123-124
650 #4 - PUNTO DE ACCESO ADICIONAL DE MATERIA--TÉRMINO DE MATERIA
Término de materia o nombre geográfico como elemento de entrada MEDIOS DE COMUNICACION
650 #4 - PUNTO DE ACCESO ADICIONAL DE MATERIA--TÉRMINO DE MATERIA
Término de materia o nombre geográfico como elemento de entrada TECNOLOGIA DE LAS COMUNICACIONES
650 #4 - PUNTO DE ACCESO ADICIONAL DE MATERIA--TÉRMINO DE MATERIA
Término de materia o nombre geográfico como elemento de entrada TECNOLOGIA EDUCATIVA
650 #4 - PUNTO DE ACCESO ADICIONAL DE MATERIA--TÉRMINO DE MATERIA
Término de materia o nombre geográfico como elemento de entrada PUBLICIDAD
650 #4 - PUNTO DE ACCESO ADICIONAL DE MATERIA--TÉRMINO DE MATERIA
Término de materia o nombre geográfico como elemento de entrada TELEVISION
650 #4 - PUNTO DE ACCESO ADICIONAL DE MATERIA--TÉRMINO DE MATERIA
Término de materia o nombre geográfico como elemento de entrada ACTIVIDADES DE APRENDIZAJE
650 #4 - PUNTO DE ACCESO ADICIONAL DE MATERIA--TÉRMINO DE MATERIA
Término de materia o nombre geográfico como elemento de entrada TECNICAS DIDACTICAS
650 #4 - PUNTO DE ACCESO ADICIONAL DE MATERIA--TÉRMINO DE MATERIA
Término de materia o nombre geográfico como elemento de entrada PERIODICOS
653 #0 - TÉRMINO DE INDIZACIÓN--NO CONTROLADO
Término no controlado HISTORIETAS
653 ## - TÉRMINO DE INDIZACIÓN--NO CONTROLADO
Término no controlado PROYECTOS DE AULA
700 1# - ENTRADA AGREGADA--NOMBRE PERSONAL
Nombre de persona Gabrijelcic, Claudia
700 1# - ENTRADA AGREGADA--NOMBRE PERSONAL
Nombre de persona Roca, Estela Marta
700 1# - ENTRADA AGREGADA--NOMBRE PERSONAL
Nombre de persona Santisi, Gabriel
700 1# - ENTRADA AGREGADA--NOMBRE PERSONAL
Nombre de persona Zambella, María Elena
700 1# - ENTRADA AGREGADA--NOMBRE PERSONAL
Nombre de persona Llorens, Gabriel
800 1# - PUNTO DE ACCESO ADICIONAL DE SERIE--NOMBRE DE PERSONA
Nombre de persona Rocca, Marta Estela
Término indicativo de función/relación coordinador
942 ## - ELEMENTOS DE ENTRADA SECUNDARIOS (KOHA)
Tipo de ítem Koha Libros
998 ## - INFORMACIÓN DE CONTROL LOCAL (RLIN)
Iniciales del catalogador, CIN (RLIN) Raquel
Holdings
Estatus retirado Estado de pérdida Fuente de la clasificación o esquema de estantería Estado de daño No para préstamo Biblioteca de origen Biblioteca actual Fecha de adquisición Total de préstamos Signatura topográfica completa Código de barras Visto por última vez Precio de reemplazo Tipo de ítem Koha
    Clasificación Decimal Dewey     Liberty Liberty 28/11/2025   371.68 GAB 124133 28/11/2025 28/11/2025 Libros
    Clasificación Decimal Dewey     Liberty Liberty 28/11/2025   371.68 GAB 135425 28/11/2025 28/11/2025 Libros
    Clasificación Decimal Dewey     Liberty Liberty 28/11/2025   371.68 GAB 135431 28/11/2025 28/11/2025 Libros